Vies
שמור ב:
| מחבר ראשי: | |
|---|---|
| פורמט: | ספר |
| שפה: | צרפתית יוונית |
| יצא לאור: |
París
Les Belles Lettres
1957
|
| סדרה: | Collection des Universités de France
|
| נושאים: | |
| תגים: |
הוספת תג
אין תגיות, היה/י הראשונ/ה לתייג את הרשומה!
|
MARC
| LEADER | 00000nam a2200000 a 4500 | ||
|---|---|---|---|
| 001 | UCO5861 | ||
| 003 | CL-VaPUC | ||
| 005 | 20240612155313.0 | ||
| 008 | 000915e19570000FR |||||||||||||||||fre|d | ||
| 999 | |c 291688 |d 291686 | ||
| 040 | |c Pontificia Universidad Católica de Valparaíso | ||
| 041 | 0 | 7 | |a fre |2 CL-VaPUC |
| 041 | 0 | 7 | |a gre |2 CL-VaPUC |
| 082 | 0 | 4 | |a 920.02 |b PLU |2 21 |
| 100 | 0 | |a Plutarco |e author |9 319084 | |
| 245 | 1 | 0 | |a Vies |
| 260 | |a París |b Les Belles Lettres |c 1957 | ||
| 300 | |a v | ||
| 490 | 0 | |a Collection des Universités de France | |
| 500 | |a v.1: Thésée-Romulus - Lycurgue-Numa | ||
| 500 | |a v.2: Solon-Publicola - Thémistocle-Camille | ||
| 500 | |a v.3: Périclés-Fabius Maximus - Alcibiade-Coriolan | ||
| 500 | |a v.4: Timoléon-Paul Emile - Pélopidas-Marcellus | ||
| 583 | |a last modification |c 20000915 00:00:00 |k Rodrigo Vera | ||
| 600 | 0 | 7 | |a TESEO |2 CL-VaPUC |9 433943 |
| 600 | 0 | 7 | |a ROMULO |2 CL-VaPUC |9 433944 |
| 600 | 0 | |a Licurgo de Esparta |d 800 A.C.-730 A.C. |9 335209 | |
| 600 | 0 | 7 | |a NUMA |2 CL-VaPUC |9 433945 |
| 600 | 0 | 7 | |a SOLON |2 CL-VaPUC |9 335211 |
| 600 | 0 | 7 | |a PUBLICOLA |2 CL-VaPUC |9 439784 |
| 600 | 0 | 7 | |a TEMISTOCLES |2 CL-VaPUC |9 335213 |
| 600 | 0 | 7 | |a CAMILO |2 CL-VaPUC |9 435449 |
| 600 | 0 | |a Pericles |9 268847 | |
| 600 | 0 | 7 | |a FABIO MAXIMO |2 CL-VaPUC |9 268848 |
| 600 | 0 | 7 | |a ALCIBIADES |2 CL-VaPUC |9 268849 |
| 600 | 0 | 7 | |a CORIOLANO |2 CL-VaPUC |9 268850 |
| 600 | 0 | 7 | |a TIMOLEON |2 CL-VaPUC |9 431441 |
| 600 | 0 | 7 | |a PAULO EMILIO |2 CL-VaPUC |9 431442 |
| 600 | 0 | 7 | |a PELOPIDAS |2 CL-VaPUC |9 431443 |
| 600 | 0 | 7 | |a MARCELO |2 CL-VaPUC |9 431444 |
| 600 | 0 | 7 | |a ARISTIDES |2 CL-VaPUC |9 431929 |
| 600 | 0 | 7 | |a MARCO CATON |2 CL-VaPUC |9 431930 |
| 600 | 0 | 7 | |a FILOPEMEN |2 CL-VaPUC |9 431931 |
| 600 | 0 | 7 | |a TITO QUINCIO FLAMININO |2 CL-VaPUC |9 431932 |
| 600 | 0 | 7 | |a PIRRO |2 CL-VaPUC |9 431944 |
| 600 | 0 | 7 | |a CAYO MARIO |2 CL-VaPUC |9 431945 |
| 600 | 0 | 7 | |a LISANDRO |2 CL-VaPUC |9 431946 |
| 600 | 0 | 7 | |a SILA |2 CL-VaPUC |9 431947 |
| 600 | 0 | 7 | |a CIMON |2 CL-VaPUC |9 431937 |
| 600 | 0 | 7 | |a LUCULO |2 CL-VaPUC |9 431938 |
| 600 | 0 | 7 | |a NICIAS |2 CL-VaPUC |9 431939 |
| 600 | 0 | 7 | |a MARCO CRASO |2 CL-VaPUC |9 431940 |
| 600 | 0 | 7 | |a SERTORIO |2 CL-VaPUC |9 439785 |
| 600 | 0 | 7 | |a EUMENES |2 CL-VaPUC |9 439786 |
| 600 | 0 | 7 | |a AGESILAO |2 CL-VaPUC |9 431925 |
| 600 | 0 | 7 | |a POMPEYO |2 CL-VaPUC |9 387297 |
| 600 | 0 | |a Magno, Alejandro |9 318232 | |
| 600 | 0 | |a Julio César |d 100 A.C.-44 A.C. |9 858621 | |
| 600 | 0 | 7 | |a FOCION |2 CL-VaPUC |9 439787 |
| 600 | 0 | 7 | |a CATON EL MENOR |2 CL-VaPUC |9 439788 |
| 600 | 0 | 7 | |a AGIS |2 CL-VaPUC |9 431926 |
| 600 | 0 | 7 | |a CLEOMENES |2 CL-VaPUC |9 431927 |
| 600 | 0 | |a Tiberio, Emperador de Roma |9 387299 | |
| 600 | 0 | 7 | |a CAYO GRACO |2 CL-VaPUC |9 431928 |
| 600 | 0 | 7 | |a DEMOSTENES |2 CL-VaPUC |9 265026 |
| 600 | 0 | |a Cicerón, Marco Tulio |e autor |9 255203 | |
| 600 | 0 | 7 | |a DEMETRIO |2 CL-VaPUC |9 335236 |
| 600 | 0 | 7 | |a ANTONIO |2 CL-VaPUC |9 387296 |
| 600 | 0 | 7 | |a DION |2 CL-VaPUC |9 450659 |
| 600 | 0 | 7 | |a BRUTO |2 CL-VaPUC |9 387796 |
| 600 | 0 | 7 | |a ARTAJERJES |2 CL-VaPUC |9 439790 |
| 600 | 0 | 7 | |a ARATO |2 CL-VaPUC |9 431934 |
| 600 | 0 | 7 | |a GALBA |2 CL-VaPUC |9 431935 |
| 600 | 0 | 7 | |a OTON |2 CL-VaPUC |9 431936 |
| 650 | 0 | |a Biografías clásicas |9 265901 | |
| 852 | |a BIBCUR | ||
| 942 | |c BK |2 ddc | ||
| 945 | |d 20000915 00:00:00 |a crobeson | ||
| 952 | |0 0 |1 0 |4 0 |6 920_020000000000000_PLU_1957 |7 0 |8 P |9 341769 |a BIBART |b BIBART |d 2019-11-20 |h v.1 |i 1223992 |o 920.02 PLU 1957 |p 1223992 |r 2025-03-13 |w 2019-11-20 |y BK |k ART | ||
| 952 | |0 0 |1 0 |4 0 |6 920_020000000000000_PLU_1957 |7 0 |8 P |9 341770 |a BIBART |b BIBART |d 2019-11-20 |h v.2 |i 122400K |o 920.02 PLU 1957 |p 122400K |r 2025-03-13 |w 2019-11-20 |y BK |k ART | ||
| 952 | |0 0 |1 0 |4 0 |6 920_020000000000000_PLU_1957 |7 0 |8 P |9 341771 |a BIBART |b BIBART |d 2019-11-20 |h v.3 |i 1224018 |o 920.02 PLU 1957 |p 1224018 |r 2025-03-13 |w 2019-11-20 |y BK |k ART | ||
| 952 | |0 0 |1 0 |4 0 |6 920_020000000000000_PLU_1957 |7 0 |8 P |9 341772 |a BIBART |b BIBART |d 2019-11-20 |h v.4 |i 1224026 |o 920.02 PLU 1957 |p 1224026 |r 2025-03-13 |w 2019-11-20 |y BK |k ART | ||